| Tag |
First Indicator |
Second Indicator |
Subfields |
| LEADER |
00000cam a2200000Mi 4500 |
| 001 |
in00005486021 |
| 006 |
m o d |
| 007 |
cr |n|---uuuuu |
| 008 |
190801s2019 enk o ||| 0 eng d |
| 005 |
20240917171502.5 |
| 035 |
|
|
|a (OCoLC)on1119116819
|
| 040 |
|
|
|a UKAMD
|b eng
|c UKAMD
|d OCLCO
|
| 035 |
|
|
|a (OCoLC)1119116819
|
| 049 |
|
|
|a TXAM
|
| 245 |
0 |
0 |
|a Main series of letters received - Van Diemen's Land, Apr 1813-Apr 1816
|g 1813/04-1816/04.
|
| 264 |
|
1 |
|a Marlborough, Wiltshire :
|b Adam Matthew Digital,
|c 2019.
|
| 300 |
|
|
|a 1 online resource.
|
| 336 |
|
|
|a text
|b txt
|2 rdacontent
|
| 337 |
|
|
|a computer
|b c
|2 rdamedia
|
| 338 |
|
|
|a online resource
|b cr
|2 rdacarrier
|
| 490 |
0 |
|
|a AM Scholar: Empire Studies.
|
| 500 |
|
|
|a (4/6576 - 4/6577).
|
| 534 |
|
|
|p Reproduction of:
|t Main series of letters received - Van Diemen's Land, Apr 1813-Apr 1816
|c Apr 1813 - Apr 1816.
|
| 535 |
1 |
|
|a State Archives and Records Authority of New South Wales
|
| 542 |
|
|
|f Material sourced from the State Archives and Records Authority of New South Wales
|
| 588 |
0 |
|
|a Description based on online resource (viewed on August 1, 2019).
|
| 655 |
|
7 |
|a Electronic books.
|2 local
|
| 710 |
2 |
|
|a Adam Matthew Digital (Firm),
|e digitiser.
|
| 856 |
4 |
0 |
|u http://proxy.library.tamu.edu/login?url=https://www.amscholar.amdigital.co.uk/Documents/Details/AustrailliaColonialLifeAndSettlement_Part3_Reel71_Vol3
|z Connect to the full text of this electronic book
|t 0
|
| 955 |
|
|
|a Adam Matthew Scholar Empire Studies
|
| 994 |
|
|
|a 92
|b TXA
|
| 999 |
f |
f |
|s 3356521f-5479-475d-838e-39c51b2635e6
|i 56edb33f-fb6a-4b9d-8986-17af9e3881f4
|t 0
|
| 952 |
f |
f |
|a Texas A&M University
|b College Station
|c Electronic Resources
|d Available Online
|t 0
|h Library of Congress classification
|
| 998 |
f |
f |
|t 0
|l Available Online
|